Každý je v podezření : kriminální hra o 2 dějstvích /

Main Author: Hámori, Tibor, 1931-2013
Other Authors: Stier, František
Language: Czech
Published: Praha : Dilia, 1971
Physical Description: 88 s. ; 4°
Book
Saved in:
LEADER 00894nam a22002652a 4500
001 001775879
003 CZ BrMZK
005 20201105164039.0
007 ta
008 201105s1971 xr er|||||||||||cze d
015 |a cnb000435039 
035 |a (OCoLC)42141925 
040 |a ABA001  |b cze  |c PNA001  |d ABA001  |d BOA001 
041 1 |a cze  |h hun 
080 9 |a 894.511-21 
100 1 |a Hámori, Tibor,  |d 1931-2013  |7 pag2011652161  |4 aut 
245 1 0 |a Každý je v podezření :  |b kriminální hra o 2 dějstvích /  |c Tibor Hámori ; z maďarského originálu ... přeložil František Stier 
260 |a Praha :  |b Dilia,  |c 1971 
300 |a 88 s. ;  |c 4° 
700 1 |a Stier, František  |7 jk01121194  |4 trl 
765 0 |t Gyilkos én vagyok  |9 Česky 
910 |a BOA001  |b 3-0673.700 
990 |a BK 
991 |b 202011 
996 6 |b 2618896844  |c 3-0673.700  |l MZK  |r Sklad / do 1 hodiny  |n 0  |w 001833681  |u 000010  |a 1  |e BOA001  |j MZK50  |s P